000 00431nmm a2200157Ia 4500
008 251105s9999||||xx |||||||||||||||||und||
041 _aspa
100 _aFranc, Isabel
245 0 _aNo me llames cariño
264 _a[Madrid, España] :
_bEditorial Egales,
_c2018
300 _a334 páginas
490 _aNarrativa
650 _aSpanish narrative
856 _uhttps://public.digitaliapublishing.com/a/174936
942 _cCF
999 _c100159
_d100159